[Event "XI Paracin Festival 2018"]
[Site "Paracin"]
[Date "2018.07.12"]
[Round "8"]
[White "Atalik, Suat"]
[Black "Kadric, Denis"]
[Result "0-1"]
[WhiteElo "2509"]
[BlackElo "2522"]
[Annotator "RC"]
[PlyCount "138"]
[EventDate "2018.07.06"]
[EventType "swiss"]
[EventCountry "SRB"]
[SourceTitle "playchess.com"]
[Source "ChessBase"]
[SourceQuality "1"]
[TimeControl "5400+30"]

1. d4 {[%emt 0:00:00]} d6 {[%emt 0:00:00]} 2. Nf3 {[%emt 0:00:00]} g6 {[%emt 0:00:00]} 3. c4 {[%emt 0:00:10]} f5 {[%emt 0:00:00]} 4. Nc3 {[%emt 0:00:55]} Nf6 {[%emt 0:00:00]} 5. g3 {[%emt 0:00:24]} Bg7 {[%emt 0:00:00]} 6. Bg2 {[%emt 0:00:08]} O-O {[%emt 0:00:00]} 7. O-O {[%emt 0:00:21]} Qe8 {[%emt 0:00:00]} 8. Re1 {[%emt 0:01:21]} Qf7 {[%emt 0:00:02]} 9. e4 {[%emt 0:02:41]} fxe4 {[%emt 0:00:31]} 10. Nxe4 {[%emt 0:02:55]} Qxc4 {[%emt 0:12:47]} 11. Nxf6+ {[%emt 0:01:01]} exf6 {[%emt 0:02:14]} 12. Re7 {[%emt 0:01:46]} Na6 {[%emt 0:15:54]} 13. b3 {[%emt 0:05:16]} Qb5 {[%emt 0:02:22]} 14. d5 {[%emt 0:00:24]} Bg4 {[%emt 0:09:29]} 15. a4 {[%emt 0:07:18]} Qc5 {[%emt 0:08:01]} 16. Be3 {[%emt 0:11:29]} Qc3 {[%emt 0:01:06]} 17. Rc1 {[%emt 0:07:50]} Qb2 {[%emt 0:00:05]} 18. Bd4 {[%emt 0:07:01]} Qa3 {[%emt 0:00:49]} 19. h3 {[%emt 0:03:37]} Bxf3 {[%emt 0:01:23]} 20. Bxf3 {[%emt 0:00:05]} Rae8 {[%emt 0:01:25]} 21. Re6 {[%emt 0:09:25]} Rxe6 {[%emt 0:03:46]} 22. dxe6 {[%emt 0:00:05]} c6 {[%emt 0:00:04]} 23. Bxa7 {[%emt 0:05:53]} Nc7 {[%emt 0:02:13]} 24. b4 {[%emt 0:02:11]} Nxe6 {[%emt 0:15:19]} 25. Be3 {[%emt 0:07:00]} f5 {[%emt 0:01:50]} 26. Qxd6 {[%emt 0:02:00]} Nd4 {[%emt 0:02:36]} 27. Bd1 {[%emt 0:01:18]} Re8 {[%emt 0:04:35]} 28. Qf4 {[%emt 0:06:14]} Be5 {[%emt 0:01:23]} 29. Qh6 {[%emt 0:02:11]} Qxb4 {[%emt 0:00:03]} 30. Bd2 {[%emt 0:02:31]} Qd6 {[%emt 0:01:18]} 31. Qe3 {[%emt 0:02:54]} Re7 {[%emt 0:00:09]} 32. Qd3 {[%emt 0:02:09]} Rd7 {[%emt 0:02:10]} 33. Qc4+ {[%emt 0:01:12]} Kg7 {[%emt 0:04:09]} 34. Bb4 {[%emt 0:00:37]} Qe6 {[%emt 0:02:32]} 35. Qxe6 {[%emt 0:01:04]} Nxe6 {[%emt 0:00:02]} 36. a5 {[%emt 0:00:25]} c5 {[%emt 0:04:34]} 37. Be1 {[%emt 0:00:14]} Rc7 {[%emt 0:01:21]} 38. Rc4 {[%emt 0:00:18]} Kf6 {[%emt 0:00:30]} 39. Kf1 {[%emt 0:00:22]} Bd4 {[%emt 0:00:25]} 40. Be2 {[%emt 0:00:27]} f4 {[%emt 0:00:30]} 41. Ra4 {[%emt 0:00:51]} Ke5 {[%emt 0:00:31]} 42. h4 {[%emt 0:01:47]} fxg3 {[%emt 0:02:51]} 43. fxg3 {[%emt 0:00:02]} g5 {[%emt 0:00:44]} 44. hxg5 {[%emt 0:01:05]} Nxg5 {[%emt 0:00:07]} 45. Kg2 {[%emt 0:01:43]} Ne4 {[%emt 0:00:18]} 46. a6 {[%emt 0:00:33]} bxa6 {[%emt 0:00:03]} 47. Rxa6 {[%emt 0:00:04]} Bc3 {[%emt 0:00:51]} 48. Bf2 {[%emt 0:00:33]} Bd4 {[%emt 0:00:07]} 49. Be1 {[%emt 0:00:06]} Rb7 {[%emt 0:00:47]} 50. Ra2 {[%emt 0:00:59]} Rb3 {[%emt 0:00:59]} 51. g4 {[%emt 0:01:50]} Kf4 {[%emt 0:00:48]} 52. Bc4 {[%emt 0:01:53]} Re3 {[%emt 0:00:50]} 53. Bd2 {[%emt 0:00:45]} Nxd2 {[%emt 0:00:18]} 54. Rxd2 {[%emt 0:00:02]} Kxg4 {[%emt 0:00:44]} 55. Re2 {[%emt 0:00:44]} Rg3+ {[%emt 0:00:16]} 56. Kh2 {[%emt 0:00:01]} Rc3 {[%emt 0:00:08]} 57. Bf7 {[%emt 0:01:02]} h5 {[%emt 0:01:39]} 58. Re4+ {[%emt 0:00:48]} Kg5 {[%emt 0:00:10]} 59. Be6 {[%emt 0:00:14]} h4 {[%emt 0:00:37]} 60. Rg4+ {[%emt 0:00:11]} Kf6 {[%emt 0:00:04]} 61. Bc8 {[%emt 0:00:07]} Be5+ {[%emt 0:00:22]} 62. Kg1 {[%emt 0:00:13]} h3 {[%emt 0:00:52]} 63. Bb7 {[%emt 0:00:40]} Rc1+ {[%emt 0:01:05]} 64. Kf2 {[%emt 0:00:07]} h2 {[%emt 0:00:10]} 65. Rh4 {[%emt 0:00:06]} c4 {[%emt 0:00:30]} 66. Ke3 {[%emt 0:00:22]} c3 {[%emt 0:00:22]} 67. Ke2 {[%emt 0:01:37]} Rb1 {[%emt 0:00:42]} 68. Be4 {[%emt 0:00:43]} c2 {[%emt 0:00:39]} 69. Rh6+ {[%emt 0:00:06]} Kg5 {[%emt 0:00:22]} 0-1

[Event "XI Paracin Festival 2018"]
[Site "Paracin"]
[Date "2018.07.12"]
[Round "8"]
[White "Lorparizangeneh, Shahin"]
[Black "Savic, Miodrag R"]
[Result "1-0"]
[WhiteElo "2493"]
[BlackElo "2541"]
[Annotator "TA"]
[PlyCount "155"]
[EventDate "2018.07.06"]
[EventType "swiss"]
[EventCountry "SRB"]
[SourceTitle "playchess.com"]
[Source "ChessBase"]
[SourceQuality "1"]

{[%evp 21,155,32,37,25,25,26,26,12,22,25,29,27,42,25,86,82,89,74,77,58,79,68,72,66,70,60,87,75,95,86,128,77,82,62,68,83,101,120,159,107,177,186,237,223,251,230,250,183,200,197,188,182,181,0,169,151,153,146,210,0,138,0,196,205,201,200,204,210,202,193,200,189,202,207,335,324,387,245,235,173,230,227,251,230,225,141,125,91,90,0,0,0,199,0,0,0,149,0,271,269,258,260,333,333,391,397,527,534,592,569,715,714,706,699,675,646,791,874,750,723,6161,5991,29963,29965,12846,11607,29961,6586,29980,29981,29981,29980,29980,29980,29994,4810]} 1. d4 Nf6 2. c4 e6 3. g3 Bb4+ 4. Bd2 a5 5. Bg2 O-O 6. Nf3 d5 7. O-O dxc4 8. Qc2 Nc6 9. Qxc4 Qd5 {E11: Damenindisch (Bogoljubow-Variante)} 10. Qxd5 exd5 11. Bf4 Bg4 {LiveBook: 5 Partien. Weiß steht etwas besser.} 12. a3 Bd6 13. Bxd6 cxd6 {[#]} 14. e3 $146 ({Vorgänger:} 14. Nc3 Bxf3 15. Bxf3 Nxd4 16. Bg2 Nb3 17. Rad1 {1-0 (35) Van der Sterren,P (2545)-Garcia Ilundain,D (2510) Linares 1995}) 14... Rfc8 15. Nc3 Ne7 16. Rfc1 Rc6 17. h3 Bxf3 (17... Bd7 $11) 18. Bxf3 $16 Rac8 19. Re1 g6 20. Re2 Rb6 21. Rc2 Rbc6 22. Rd2 Kg7 23. Kf1 Rb8 24. Ke2 b5 25. Kd3 $1 h5 26. Rc2 (26. b4 $142) 26... b4 27. axb4 $1 axb4 28. Ne2 Rxc2 29. Kxc2 g5 30. Kd3 ({Besser ist} 30. h4) 30... Rb6 (30... Rc8 $16 {war nötig.}) 31. h4 $18 g4 (31... gxh4 $142 32. gxh4 b3) 32. Bg2 Rc6 33. Rc1 Ra6 34. Nf4 Ra7 35. Kc2 Rc7+ 36. Kd1 Ra7 37. Kc2 Rc7+ $1 38. Kb1 Ra7 39. Nd3 Rb7 (39... Ne4 $16 40. Nf4 (40. Nxb4 Nxf2 41. Nxd5 Nxd5 $14) 40... Nf6) 40. Nf4 Ra7 41. Nd3 (41. b3 $16) 41... Rb7 $1 42. Ka2 b3+ 43. Ka3 $1 Kg6 44. Nb4 Kf5 45. Kxb3 Ne4 46. Ka4 Ra7+ 47. Kb5 $1 Rb7+ (47... Ke6 {war einen Versuch wert.}) 48. Ka5 Nd2 {zielt auf ...Sb3+ ab.} 49. Nxd5 Nxd5 50. Bxd5 Rxb2 {[%mdl 4096] Endspiel KTL-KTS} 51. Rc7 $1 {[%cal Rc7f7]} ({Viel schwächer ist} 51. Bxf7 $6 Ne4 $16) 51... f6 52. Re7 {Droht Matt per Lg8.} Kg6 53. Bf7+ Kh6 54. Be6 $1 {[%cal Re6f5] Weiss will mit Lf5 Matt setzen.} Kg6 55. Bf7+ (55. e4 $1 $16 {jetzt Lf5+ und aus.} Nxe4 56. Bf7+ Kf5 57. Bg8 (57. Bxh5 Rxf2 58. Bxg4+ Kxg4 $11)) 55... Kh6 $1 56. Bd5 Kg6 $1 {[#]} 57. Bf7+ $2 (57. Rb7 $1 $18 {[%cal Rb7b2]} Rxb7 58. Bxb7) 57... Kh6 $1 $11 58. Bd5 (58. Bg8 $11) 58... Kg6 $1 $16 {[#] beabsichtigt ...Sf1.} 59. Ka4 ({Weiss braucht} 59. Rb7 $1 $16 {[%cal Rb7b2]} Rxb7 60. Bxb7) 59... Rb1 $2 {[%mdl 8192]} (59... Nf1 $1 $11 {und Schwarz muss sich keine Sorgen machen.}) 60. Bf7+ $18 Kh6 61. Re6 Kg7 62. Bxh5 d5 63. Re7+ Kh8 64. Bxg4 Ne4 65. Bf5 Ra1+ 66. Kb4 Rb1+ 67. Ka5 Ra1+ 68. Kb6 Nxf2 69. h5 Rh1 70. g4 Rh4 71. Kc6 Nxg4 72. Bxg4 Rxg4 73. Kxd5 {KT-KT} Rg3 74. e4 (74. Kc6 $142 Kg8 75. d5 Rg2 76. d6 Kf8 77. h6 Rc2+ 78. Kd5 Rd2+ 79. Ke6) 74... Rd3 75. Rf7 {Weiß setzt Matt.} Rh3 76. Rxf6 Rxh5+ 77. Rf5 Rg5 78. Rxg5 {Precision: Weiß = 69%, Schwarz = 42%.} 1-0

[Event "XI Paracin Festival 2018"]
[Site "Paracin"]
[Date "2018.07.12"]
[Round "8"]
[White "Yilmazyerli, Mert"]
[Black "Peycheva, Gergana"]
[Result "1/2-1/2"]
[WhiteElo "2491"]
[BlackElo "2157"]
[Annotator "ChessBase"]
[PlyCount "37"]
[EventDate "2018.07.06"]
[EventType "swiss"]
[EventCountry "SRB"]
[SourceTitle "playchess.com"]
[Source "ChessBase"]
[SourceQuality "1"]
[TimeControl "5400+30"]

1. e4 {[%emt 0:00:00]} c5 {[%emt 0:00:00]} 2. Nf3 {[%emt 0:00:00]} e6 {[%emt 0:00:09]} 3. d4 {[%emt 0:00:00]} cxd4 {[%emt 0:00:28]} 4. Nxd4 {[%emt 0:00:00]} Nc6 {[%emt 0:01:04]} 5. Nc3 {[%emt 0:00:02]} a6 {[%emt 0:01:32]} 6. Nb3 {[%emt 0:03:50]} Nf6 {[%emt 0:01:59]} 7. Bd3 {[%emt 0:03:56]} Qc7 {[%emt 0:02:44]} 8. f4 {[%emt 0:01:02]} d6 {[%emt 0:00:16]} 9. O-O {[%emt 0:00:43]} Be7 {[%emt 0:01:59]} 10. Qe2 {[%emt 0:00:55]} b5 {[%emt 0:06:32]} 11. a3 {[%emt 0:02:11]} Bb7 {[%emt 0:01:28]} 12. Bd2 {[%emt 0:01:20]} O-O {[%emt 0:03:00]} 13. Rae1 {[%emt 0:00:18]} Rad8 {[%emt 0:11:19]} 14. e5 {[%emt 0:08:04]} dxe5 {[%emt 0:06:01]} 15. fxe5 {[%emt 0:00:55]} Nd7 {[%emt 0:07:26]} 16. Bf4 {[%emt 0:07:02]} g6 {[%emt 0:07:07]} 17. Kh1 {[%emt 0:05:12]} Bh4 {[%emt 0:04:32]} 18. Nd5 {[%emt 0:07:30]} exd5 {[%emt 0:10:21]} 19. e6 {[%emt 0:01:56]} 1/2-1/2

[Event "XI Paracin Festival 2018"]
[Site "Paracin"]
[Date "2018.07.12"]
[Round "8"]
[White "Asadli, Vugar"]
[Black "Gadimbayli, Abdulla"]
[Result "1-0"]
[WhiteElo "2478"]
[BlackElo "2420"]
[Annotator "TA"]
[PlyCount "71"]
[EventDate "2018.07.06"]
[EventType "swiss"]
[EventCountry "SRB"]
[SourceTitle "playchess.com"]
[Source "ChessBase"]
[SourceQuality "1"]

{[%evp 29,71,25,34,20,25,21,24,26,23,25,25,31,64,68,39,35,118,139,196,183,297,307,305,281,339,258,275,146,399,356,601,601,586,317,267,294,650,651,755,747,734,729,720,712]} 1. e4 e6 2. d4 d5 3. Nc3 Bb4 4. e5 c5 5. a3 Bxc3+ 6. bxc3 Ne7 7. Qg4 Qc7 8. Qxg7 Rg8 9. Qxh7 cxd4 10. Ne2 dxc3 11. f4 Nbc6 {C18: French: 3 Nc3 Bb4: Main line: 7 h4 and 7 Qg4} 12. h4 {[%cal Bh2h4,Bh4h5,Bh5h6,Bh6h7][%mdl 32]} (12. Nxc3 Nd4 13. Bb2 Bd7 14. O-O-O Qb6 15. Qd3 Ndf5 16. Rd2 Rc8 17. g3 Ne3 18. Ne4 Rxc2+ 19. Rxc2 dxe4 20. Qxe4 Nxc2 21. Qxc2 {½-½ (31) Giri,A (2752)-Carlsen,M (2834) Wijk aan Zee 2018}) 12... Bd7 13. h5 O-O-O 14. Qd3 d4 15. h6 Kb8 {LiveBook: 27 Games} 16. h7 Rh8 17. Rb1 Bc8 $1 18. g4 b6 19. Bg2 Bb7 20. Be4 Nd5 21. Rh6 $36 {[%mdl 2048] White has some pressure.} Qc8 22. Qg3 Ba6 $146 (22... Na5 $14) ({Predecessor:} 22... Na5 23. f5 Ne3 24. Bxe3 Bxe4 25. Nxd4 Nc4 26. Qf4 {1-0 (26) Bosiocic,M (2610)-Sedina,E (2275) Trieste 2016}) 23. f5 $1 $16 d3 (23... Bxe2 $16 {is a better defense.} 24. Kxe2 Qc7) 24. cxd3 $18 {Threatens to win with Bg5.} (24. Bxd3 Bxd3 25. cxd3 (25. Qxd3 exf5 26. Qg3 Qc7 $11) 25... Rd7 $14) 24... c2 {[#]} (24... Qc7 $142) 25. Rb3 $1 Na5 {[#]} 26. Rb2 $1 {[%cal Bb3b2,Bb2c2,Bc2h2][%mdl 32]} Qc7 27. fxe6 fxe6 {intending ...Nc3.} 28. Rxe6 (28. Qg2 $18) 28... Nb7 $2 {[%mdl 8192]} (28... Nc3 $16 29. Nxc3 (29. Rxc2 Nxe4 30. Rxc7 Nxg3 $11) 29... Qxc3+ 30. Ke2 Bb7 31. Bxb7 Kxb7 32. Re7+ Ka6) 29. Rd6 Nxd6 $2 (29... Nc3 30. Rxd8+ (30. Rxc2 Nxe4 31. Rxc7 Nxg3 $18) 30... Nxd8) 30. exd6 ({Don't blunder} 30. Bxd5 $2 Nf5 $19) 30... Qxd6 31. Rxc2 Qxg3+ 32. Nxg3 Rd7 $2 (32... Rde8) 33. Rh2 {White is clearly winning.} Nf6 34. Bf4+ Kc8 35. Rc2+ Kd8 36. Bg5 {Precision: White = 63%, Black = 31%.} 1-0

[Event "XI Paracin Festival 2018"]
[Site "Paracin"]
[Date "2018.07.12"]
[Round "8"]
[White "Harsha Bharathakoti"]
[Black "Olson, Hamish"]
[Result "1/2-1/2"]
[WhiteElo "2465"]
[BlackElo "2229"]
[Annotator "TA"]
[PlyCount "57"]
[EventDate "2018.07.06"]
[EventType "swiss"]
[EventCountry "SRB"]
[SourceTitle "playchess.com"]
[Source "ChessBase"]
[SourceQuality "1"]

{[%evp 27,57,0,0,-9,17,0,0,-5,8,-4,-3,1,1,0,0,0,0,0,0,0,0,-10,-8,-5,-4,0,-16,-7,0,0,0,-4]} 1. d4 d5 2. c4 e6 3. Nc3 Nf6 4. cxd5 exd5 5. Bg5 c6 6. e3 Be7 7. Bd3 O-O 8. Qc2 Nbd7 {[%cal Bb8d7,Bd7f8,Bf8e6][%mdl 32]} 9. Nge2 Re8 10. O-O Nf8 11. f3 g6 12. Rad1 Ne6 {D36: Queen's Gambit Declined: Exchange Variation: Main line (5 Bg5 c6 6 Qc2)} 13. Bh4 b5 14. Bf2 Bb7 {LiveBook: 4 Games. The position is equal.} 15. Qd2 (15. Nc1 Rc8 16. Nb3 a6 17. Ne2 c5 18. dxc5 Nxc5 19. Nxc5 Bxc5 20. Qd2 {½-½ (59) Wojtaszek,R (2746)-Buhmann,R (2633) Germany 2016}) 15... Rc8 16. Bb1 b4 17. Na4 Ba6 18. b3 Bxe2 19. Qxe2 c5 20. dxc5 Nxc5 21. Nb2 $146 Qc7 22. Rc1 Bd6 {aiming for ...d4.} 23. g3 Qb7 24. Nd3 Nxd3 25. Bxd3 {[#] Strongly threatening Ba6.} Rc3 26. Rxc3 bxc3 27. Qc2 Bc5 28. Qxc3 Qb6 29. Qd2 {Precision: White = 60%, Black = 60%.} 1/2-1/2

[Event "XI Paracin Festival 2018"]
[Site "Paracin"]
[Date "2018.07.12"]
[Round "8"]
[White "Petrov, Martin"]
[Black "Raja Rithvik R"]
[Result "1-0"]
[WhiteElo "2441"]
[BlackElo "2343"]
[Annotator "TA"]
[PlyCount "86"]
[EventDate "2018.07.06"]
[EventType "swiss"]
[EventCountry "SRB"]
[SourceTitle "playchess.com"]
[Source "ChessBase"]
[SourceQuality "1"]

{[%evp 23,86,25,37,52,102,114,114,106,112,112,114,110,129,116,139,130,139,131,125,108,124,137,138,128,140,123,231,240,291,279,593,593,698,418,394,259,428,420,420,418,558,425,419,413,425,415,416,394,416,407,398,414,382,304,306,298,533,516,802,782,1056,1052,1004,1035,1150]} 1. e4 c5 2. Nf3 d6 3. d4 cxd4 4. Nxd4 Nf6 5. Nc3 a6 6. Be3 e5 7. Nb3 Be6 8. h3 {B90: Sicilian Najdorf: Unusual White 6th moves, 6 Be3 Ng4 and 6 Be3 e5} (8. f3 h5 9. Nd5 Bxd5 10. exd5 Nbd7 11. Qd2 g6 12. O-O-O Nb6 13. Kb1 Nbxd5 14. Bg5 Be7 15. Bd3 Rc8 16. Rhe1 O-O {1-0 (57) Vidit,S (2707)-Korobov,A (2678) Poikovsky 2018}) 8... Nbd7 9. g4 h6 10. Qd2 Rc8 11. O-O-O b5 12. f4 Be7 {LiveBook: 6 Games} 13. Kb1 Bc4 14. g5 hxg5 15. fxg5 {aiming for Bxc4.} Nh5 16. Bxc4 bxc4 17. Nc1 $146 Nc5 18. N1e2 Qd7 19. Bxc5 Rxc5 20. Qe3 Qb7 21. Ng3 Nxg3 22. Qxg3 O-O {[#] Black wants to play ...Rb8.} 23. Ka1 $1 Rb8 {[%csl Gb8][%cal Rb7b2] [#]} 24. Rb1 $1 Bd8 (24... Rb5 $16) 25. g6 $18 f5 26. Qf3 (26. exf5 Bf6 $16) 26... Ba5 $2 (26... f4 27. Qh5 Bf6) 27. Qh5 f4 28. Nd5 Rxd5 29. Qh7+ ({Not} 29. exd5 Qxd5 30. Rhf1 Qe6 $18) 29... Kf8 {Hoping for ...Rd2.} 30. Qh8+ (30. exd5 Qxd5 31. Rhd1 Qe6 $18) 30... Ke7 31. Qxg7+ Ke8 32. Qg8+ Ke7 33. Qf7+ (33. Qxd5 Qxd5 34. exd5 Rg8 $16) 33... Kd8 34. Qf8+ (34. exd5 Qxf7 35. gxf7 Ke7 $14) ({Weaker is} 34. Qxd5 Qxd5 35. exd5 Ke7 $18) 34... Kc7 35. Qe7+ ({Less strong is} 35. Qf7+ Kb6 $18) 35... Kb6 36. Qxb7+ Kxb7 37. exd5 {[%mdl 4096] Endgame KRR-KRB} Rg8 38. Rhg1 f3 39. Rg4 f2 $2 (39... e4 40. Rxe4 f2) 40. Rf1 {White is clearly winning.} Be1 (40... Bb6 $142 41. Kb1 Kc7) 41. Kb1 e4 42. Kc1 c3 43. b3 e3 {Precision: White = 90%, Black = 37%.} 1-0

[Event "XI Paracin Festival 2018"]
[Site "Paracin"]
[Date "2018.07.12"]
[Round "8"]
[White "Gukesh D"]
[Black "Tugstumur, Yesuntumur"]
[Result "0-1"]
[WhiteElo "2433"]
[BlackElo "2116"]
[Annotator "TA"]
[PlyCount "62"]
[EventDate "2018.07.06"]
[EventType "swiss"]
[EventCountry "SRB"]
[SourceTitle "playchess.com"]
[Source "ChessBase"]
[SourceQuality "1"]

{[%evp 22,62,11,-6,59,30,40,27,44,38,50,47,53,20,45,-7,-10,-18,0,0,6,-33,-29,-40,-8,-102,-81,-101,-92,-80,-81,-92,-94,-102,-102,-102,-102,-96,-96,-100,-108,-1041,-1041]} 1. e4 c5 2. Nf3 e6 3. d3 Nc6 4. g3 g6 5. Bg2 Bg7 6. O-O Nge7 7. Re1 d6 8. c3 e5 9. a3 O-O 10. b4 h6 11. Nbd2 {A04: Holländisches System ohne Übergang in andere Systeme} Be6 12. Nb3 {LiveBook: 4 Partien} cxb4 ({Günstiger ist} 12... a5 $11) (12... b6 13. b5 Nb8 14. d4 a6 15. bxa6 exd4 16. cxd4 c4 17. Nbd2 d5 18. Bb2 Nbc6 19. exd5 Bxd5 {0-1 (59) Saric,I (2652)-Ivanisevic,I (2662) Reykjavik 2015 CBM 170 [Ivanisevic,I]}) 13. axb4 $14 {Weiß steht etwas besser.} a6 14. Nfd2 Kh7 15. Ba3 f5 16. exf5 Nxf5 17. Rc1 Qd7 18. Ne4 (18. Na5 $14) 18... b6 $11 19. Ned2 $146 Rac8 20. Bb2 Qf7 21. Re2 d5 22. Ra1 d4 23. cxd4 (23. c4 $11 {hält das Gleichgewicht.}) 23... Nxb4 $17 24. Ba3 Nc2 25. Bxf8 Nxa1 26. Qxa1 {[#] Lxg7 ist eine echte Drohung.} Rxf8 27. d5 Bxd5 28. Bxd5 Qxd5 29. Qxa6 {[#]} b5 $1 {Droht stark ...Ta8.} 30. Qa1 Qxd3 31. Qb1 $2 {[%mdl 8192]} (31. Qf1 $17) 31... Qxe2 {Precision: Weiß = 27%, Schwarz = 58%.} 0-1

[Event "XI Paracin Festival 2018"]
[Site "Paracin"]
[Date "2018.07.12"]
[Round "8"]
[White "Ivic, Velimir"]
[Black "Marjanovic, Annamaria"]
[Result "1-0"]
[WhiteElo "2432"]
[BlackElo "2325"]
[Annotator "TA"]
[PlyCount "144"]
[EventDate "2018.07.06"]
[EventType "swiss"]
[EventCountry "SRB"]
[SourceTitle "playchess.com"]
[Source "ChessBase"]
[SourceQuality "1"]

{[%evp 23,144,32,31,6,27,28,46,50,48,27,77,45,46,38,64,51,61,56,103,91,94,79,77,-16,-19,-16,35,45,34,35,33,28,31,28,23,25,28,33,45,26,58,53,92,54,98,98,112,107,122,122,122,129,113,95,113,89,89,60,89,58,89,89,89,89,89,71,113,97,97,97,97,97,97,95,187,184,143,109,187,186,148,127,256,265,263,256,256,235,216,193,258,257,303,284,279,172,304,304,387,389,368,381,374,375,360,353,413,393,421,338,317,218,472,468,413,382,559,547,597,597,595,583,552]} 1. e4 e5 2. Nf3 Nc6 3. Bb5 a6 4. Ba4 Nf6 5. O-O Be7 6. d3 b5 7. Bb3 d6 8. a3 {C84: Closed Ruy Lopez: Unusual White 6th moves} Be6 (8... O-O 9. Nc3 Na5 10. Ba2 Be6 11. b4 Bxa2 12. Rxa2 Nc6 13. Bg5 Ng4 14. Bd2 Nf6 15. Bg5 Ng4 16. Bd2 Nf6 17. Bg5 {½-½ (17) Vachier Lagrave,M (2789)-Carlsen,M (2843) Stavanger 2018}) 9. Nc3 Qd7 $146 ({Predecessor:} 9... Bxb3 10. cxb3 O-O 11. Be3 Qd7 12. Rc1 b4 13. Nd5 Nxd5 14. exd5 Na7 15. Qc2 Rfc8 16. Bxa7 Rxa7 {0-1 (38) Blomqvist,E (2567)-Smirin,I (2669) London 2016}) 10. Bd2 Bg4 11. Be3 O-O 12. h3 Be6 {LiveBook: 13 Games} 13. Ne2 Na5 14. Bxe6 fxe6 15. b4 Nc6 16. Ng3 d5 17. c3 {[%cal Bc2c3,Bc3c4][%mdl 32]} (17. c4 $5) 17... Bd6 18. c4 d4 19. Bd2 Rfb8 20. Qc2 Bf8 21. Rfc1 {And now cxb5 would win.} Rb6 22. a4 bxa4 23. b5 ({Don't play} 23. Qxa4 $6 Bxb4 24. c5 Rb7 $11) ({Better is} 23. c5 $16 Rb5 24. Rxa4 (24. Qxa4 Qc8 $16)) 23... axb5 $11 24. cxb5 Nb4 ({Black should try} 24... Nd8 $11) 25. Bxb4 $1 $14 Bxb4 26. Rxa4 ({Much worse is} 26. Nxe5 Qxb5 27. Qxc7 Rb7 $15) 26... Rxa4 27. Qxa4 Qxb5 28. Qxb5 Rxb5 29. Rxc7 h6 30. Nf1 Ne8 31. Rd7 Ra5 32. g3 Kf8 33. Kg2 Nd6 34. h4 Nf7 35. Rb7 Bd6 36. N1d2 $1 Rc5 37. Nc4 {Black must now prevent Rxf7+!} Bc7 38. Kf1 Ke8 39. Ke2 Kd7 40. Rb1 Kc8 41. h5 Kd7 42. Rb7 Kc8 43. Rb2 Kd7 44. Nh4 Ng5 {Black wants to play ...Nxe4.} 45. f3 Nf7 46. Ng6 Nd8 47. Kd1 Ke8 48. Ra2 Kd7 (48... Nc6 $16) 49. Ra7 Kc8 50. Ra8+ Kd7 (50... Kb7 $16 51. Ra1 Rb5) 51. Kd2 $18 Rb5 52. Kc2 Bb8 {[#]} (52... Ke8 $16 53. Ra7 Rb7 54. Rxb7 Nxb7 55. Ncxe5 (55. Ngxe5 Ke7 $18) 55... Ba5) 53. Ra5 $1 {[%cal Ra5b5]} Rxa5 54. Nxa5 {[%mdl 4096] Endgame KBN-KNN} Nf7 55. Nc4 Kc6 56. Kb3 Kb5 {[#]} (56... Kd7 {keeps fighting.} 57. f4 exf4 58. gxf4 Kc6) 57. Nf8 $1 Ng5 58. Nd7 Bc7 59. Ndxe5 Nh3 (59... Nh7 $142 60. f4 Nf6) 60. Kc2 Kb4 61. Kd2 Ng5 62. f4 Nh7 63. Nd7 Kb5 64. Ke2 Kc6 65. Nde5+ Kc5 66. Ng4 Kb4 67. Kd2 Kb3 $2 (67... Nf8 68. Nge5 Nh7) 68. e5 Nf8 69. Nf2 Bd8 (69... Kb4 {was necessary.} 70. Ne4 Kb5 71. Ned6+ Kc6) 70. Ne4 {White is clearly winning.} Be7 71. Na5+ Ka4 72. Nc6 $1 {[%csl LRd4,LRe7]} Bb4+ {Precision: White = 68%, Black = 42%.} 1-0

[Event "XI Paracin Festival 2018"]
[Site "Paracin"]
[Date "2018.07.12"]
[Round "8"]
[White "Radovanovic, Nikola"]
[Black "Kathmale, Sameer"]
[Result "1-0"]
[WhiteElo "2425"]
[BlackElo "2323"]
[Annotator "NA"]
[PlyCount "83"]
[EventDate "2018.07.06"]
[EventType "swiss"]
[EventCountry "SRB"]
[SourceTitle "playchess.com"]
[Source "ChessBase"]
[SourceQuality "1"]
[TimeControl "5400+30"]

1. d4 {[%emt 0:01:08]} Nf6 {[%emt 0:00:00]} 2. c4 {[%emt 0:00:08]} g6 {[%emt 0:00:00]} 3. Nc3 {[%emt 0:00:25]} Bg7 {[%emt 0:01:14]} 4. e4 {[%emt 0:00:07]} d6 {[%emt 0:00:04]} 5. Be2 {[%emt 0:00:10]} O-O {[%emt 0:00:23]} 6. Be3 {[%emt 0:00:15]} c5 {[%emt 0:05:14]} 7. d5 {[%emt 0:04:02]} e6 {[%emt 0:01:43]} 8. Nf3 {[%emt 0:00:23]} exd5 {[%emt 0:05:05]} 9. cxd5 {[%emt 0:01:26]} b5 {[%emt 0:09:15]} 10. e5 {[%emt 0:00:47]} Ng4 {[%emt 0:04:54]} 11. Bg5 {[%emt 0:00:43]} Qa5 {[%emt 0:00:52]} 12. exd6 {[%emt 0:06:13]} b4 {[%emt 0:04:06]} 13. Ne4 {[%emt 0:08:24]} f6 {[%emt 0:02:47]} 14. Bf4 {[%emt 0:11:57]} g5 {[%emt 0:07:07]} 15. Bg3 {[%emt 0:09:59]} h5 {[%emt 0:14:54]} 16. Nfd2 {[%emt 0:11:37]} f5 {[%emt 0:12:18]} 17. Nxg5 {[%emt 0:02:25]} Bxb2 {[%emt 0:00:12]} 18. O-O {[%emt 0:04:15]} f4 {[%emt 0:03:42]} 19. Qc2 {[%emt 0:06:24]} Bf5 {[%emt 0:02:36]} 20. Qxb2 {[%emt 0:00:51]} fxg3 {[%emt 0:00:02]} 21. hxg3 {[%emt 0:01:24]} Nd7 {[%emt 0:01:01]} 22. Ne6 {[%emt 0:03:21]} Rf7 {[%emt 0:01:07]} 23. Nc4 {[%emt 0:00:39]} Qa4 {[%emt 0:00:25]} 24. Qd2 {[%emt 0:03:17]} Qc2 {[%emt 0:02:03]} 25. Qg5+ {[%emt 0:05:09]} Kh8 {[%emt 0:05:30]} 26. Bxg4 {[%emt 0:00:38]} Bxg4 {[%emt 0:01:29]} 27. Ne5 {[%emt 0:01:07]} Nxe5 {[%emt 0:00:31]} 28. Qxe5+ {[%emt 0:00:06]} Kg8 {[%emt 0:00:17]} 29. Qg5+ {[%emt 0:01:54]} Kh8 {[%emt 0:00:59]} 30. f3 {[%emt 0:00:52]} Bf5 {[%emt 0:00:45]} 31. Rac1 {[%emt 0:01:14]} Qxa2 {[%emt 0:00:44]} 32. d7 {[%emt 0:00:39]} Qxd5 {[%emt 0:01:56]} 33. d8=Q+ {[%emt 0:00:50]} Rxd8 {[%emt 0:00:02]} 34. Nxd8 {[%emt 0:00:23]} Qd4+ {[%emt 0:02:21]} 35. Kh2 {[%emt 0:03:51]} Rf8 {[%emt 0:00:28]} 36. Rfd1 {[%emt 0:00:52]} Qf6 {[%emt 0:00:36]} 37. Qxf6+ {[%emt 0:01:11]} Rxf6 {[%emt 0:00:02]} 38. Rxc5 {[%emt 0:00:14]} b3 {[%emt 0:00:19]} 39. Rd2 {[%emt 0:00:41]} Rf8 {[%emt 0:00:41]} 40. Nc6 {[%emt 0:00:35]} Bc2 {[%emt 0:00:42]} 41. Rdxc2 {[%emt 0:00:12]} bxc2 {[%emt 0:00:07]} 42. Rxc2 {[%emt 0:00:03]} 1-0